Alterations and refurbishment price book (Record no. 115673)

MARC details
000 -LEADER
fixed length control field 01218cam a22002655a 4500
001 - CONTROL NUMBER
control field L159097
008 - FIXED-LENGTH DATA ELEMENTS--GENERAL INFORMATION
fixed length control field 110927s2015 xxk f 001 0 eng d
020 ## - INTERNATIONAL STANDARD BOOK NUMBER
International Standard Book Number 97817832111111
035 ## - SYSTEM CONTROL NUMBER
System control number (Sirsi) u159097
041 0# - LANGUAGE CODE
Language code of text/sound track or separate title eng
050 04 - LIBRARY OF CONGRESS CALL NUMBER
Classification number 692.5 $2 18
110 2# - MAIN ENTRY--CORPORATE NAME
Corporate name or jurisdiction name as entry element Building Cost Information Service
9 (RLIN) 1096
245 00 - TITLE STATEMENT
Title Alterations and refurbishment price book
Remainder of title Maintenance and operating costs
-- 2016
250 ## - EDITION STATEMENT
Edition statement 21th ed.
260 ## - PUBLICATION, DISTRIBUTION, ETC.
Place of publication, distribution, etc. BCIS
Date of publication, distribution, etc. 2015
300 ## - PHYSICAL DESCRIPTION
Extent 1
Type of unit v.
Dimensions 30 cm.
520 ## - SUMMARY, ETC.
Summary, etc. Focuses on small to medium sized projects, generally working within an existing building and reflecting the increase in costs brought about the reduction in output, smaller discounts, increased carriage, increased supervision, and less productivity brought about by smaller economies of scale, increased production costs, more difficult access and the possibility of working in occupied premises. New items for 2016 include expanded range of composite items to cover 'Robust Details', and increased range of drainage composites.
520 ## - SUMMARY, ETC.
Summary, etc. Supersedes 20th ed.
521 ## - TARGET AUDIENCE NOTE
Target audience note Advanced
590 ## - LOCAL NOTE (RLIN)
Local note KA
651 #4 - SUBJECT ADDED ENTRY--GEOGRAPHIC NAME
Geographic name United Kingdom
Chronological subdivision
690 ## - LOCAL SUBJECT ADDED ENTRY--TOPICAL TERM (OCLC, RLIN)
Topical term or geographic name as entry element BUILT ENVIRONMENT-BUILDING COSTS
942 ## - ADDED ENTRY ELEMENTS (KOHA)
Suppress in OPAC 0
Holdings
Withdrawn status Lost status Source of classification or shelving scheme Damaged status Not for loan Home library Current library Shelving location Date acquired Total Checkouts Full call number Barcode Date last seen Copy number Price effective from Koha item type
    Dewey Decimal Classification     Archives Archives RICS Boxes 22/01/2016   RICS 2015/15 30078839 06/08/2019 1 06/08/2019 Archive
    Dewey Decimal Classification     London London Basement 14/04/2016   BASEMENT 30078834 06/08/2019 1 06/08/2019 Book